00960nam a2200253 a 4500001001400000005001700014008004100031020001800072082001300090100003800103245009000141250001200231260006100243300001100304500006800315650002200383650002600405650002300431650002900454650002800483901003900511999001500550952014100565$$a000002957020200120222145.0070326s2004 col0 gr0 000 d a958-8232-24-404a864bT670 aTorres Guerrero, Andrés Octavio10aUna larga cita Sin Remedio con la noche bogotana /cAndrés Octavio Torres Guerrero. a1a. ed. aBogotábInstituto Distrital de Cultura y Turismoc2004 a200 p. aBeca de Investigasción en Literatura Ciudad de Bogotá, 200314aENSAYO COLOMBIANO14aLITERATURA COLOMBIANA14aCABALLERO, ANTONIO14aCRITICA E INTERPRETACION14aBOGOTA EN LA LITERATURA aCompra, Siglo del Hombre, $ 15.000 c1656d1656 00102ddc40708GENaBPMOSbBPMOSd2020-01-20i107842l2o864 T67pMOS005182r2026-02-13s2026-02-10tej.1w2020-01-20yBKzOcho días